| 000 | 00470nam a2200157 4500 | ||
|---|---|---|---|
| 001 | 122804 | ||
| 003 | ES-MaACL | ||
| 007 | t| | ||
| 008 | 070214s1977 xxu r ||||1| eng d | ||
| 245 | 0 | 4 |
_aThe production and application of new industrial tecnology / _cEdwin Mansfield... [et al.]. |
| 250 | _a1st ed. | ||
| 260 |
_aNew York : _bW. W. Norton, _c1977. |
||
| 300 |
_aX, 220 p. ; _c24 cm. |
||
| 700 | 1 |
_aMansfield, Edwin. _976115 |
|
| 852 |
_aES-MaACL _jG-4017 _bR.114196 |
||
| 999 |
_c122804 _d122804 |
||